Riconosci la Squadra di calcio - Quiz n°67 - Statistics

Statistiche generali
  • Questo quiz è stato fatto 11 volte
  • Il punteggio medio è 11 su 13
Statistiche sulle risposte
Indizio Risposta % Corretto
Colori sociali Rosso, verde
100%
Divisione nazionale 2023-2024 Seconda
100%
Trofei internazionali 0
89%
Fondazione 1925
89%
Rifondazione 1935
89%
Titoli nazionali 1 campionato di Serie B
89%
Trofei nazionali 1 Supercoppa di Serie C
89%
Capienza Stadio 22 000 posti
89%
Confederazione UEFA
89%
Simboli Viverna
89%
Rifondazione 1945
78%
Rifondazione 1993
78%
Squadra Ternana
78%
Nessun quiz corrispondente trovato
Distribuzione punteggi
Percentuale di utenti per punteggio
Percentile per numero di risposta
I tuoi punteggi nel tempo
Non hai fatto questo quiz